Score 0/15 Timer 01:30
2 Plays Today
% Correct
Woman
98.8%
Enemy
98.4%
Hill
98.3%
Ocean's
98.1%
Dangerous
98%
Wedding
98%
Erin
97.7%
Smile
97.4%
% Correct
Conspiracy
97.3%
Pray
97.1%
Steel
96.4%
Brief
95.6%
August
93%
Larry
92.6%
Pizza
91.9%

Today's Daily Dose

You're not logged in!

Compare scores with friends on all Sporcle quizzes.
OR
Log In

Sporcle TV

Today on Sporcle TV


Watch our educational content, quiz creation guides, and fun videos on Sporcle TV.

Show Comments

Extras

Top Quizzes Today


Score Distribution

Your Account Isn't Verified!

In order to create a playlist on Sporcle, you need to verify the email address you used during registration. Go to your Sporcle Settings to finish the process.

Report this User

Report this user for behavior that violates our Community Guidelines.

Details: